000 01030nam a22003137a 4500
001 289
003 FISKH
005 20230316142005.0
008 230316b cb ||||| |||| 00| 0 eng d
040 _aDLC
_cDLC
_dDLC
_dFISKH
_beng
042 _alcac
050 0 0 _aPZ7.L58474
082 0 0 _a813
_219
100 1 _aLewis, C. S.
_q(Clive Staples),
_d1898-1963.
245 1 4 _aThe horse and his boy /
_cC.S. Lewis ; illustrated by Pauline Baynes.
250 _a1st Collier Books trade pbk. ed.
260 _aLondon
_bHarper Collins
_c2009
300 _a175 p.
_bill. ;
_c18 cm.
490 1 _aThe Chronicles of Narnia ;
_vbk. 3
505 _aU
520 _aA boy and a talking horse share an adventurous and dangerous journey to Narnia to warn of invading barbarians.
521 8 _a970
_bLexile
521 8 _aU
_bRaz-Plus
650 1 _aFantasy.
700 1 _aBaynes, Pauline,
_eill.
800 1 _aLewis, C. S.
_q(Clive Staples),
_d1898-1963.
_vbk. 3.
906 _a7
_bcbc
_corignew
_d1
_eocip
_f19
_gy-gencatlg
942 _2ddc
_cBK
_n0
999 _c289
_d289